[Event "Schneider Memorial"]
[Site "Budapest"]
[Date "1994.??.??"]
[Round "7"]
[White "Patrat, Alexandre"]
[Black "Szakolczai, Peter"]
[Result "1-0"]
[WhiteElo "2195"]
[BlackElo "2240"]
[PlyCount "125"]
[EventDate "1994.01.??"]
[EventType "swiss"]
[EventRounds "9"]
[EventCountry "HUN"]
[SourceTitle "EXT 1999"]
[Source "ChessBase"]
[SourceDate "1998.11.16"]
[SourceVersion "1"]
[SourceVersionDate "1998.11.16"]
[SourceQuality "1"]

1. e4 e6 2. d4 d5 3. Nc3 Bb4 4. e5 c5 5. a3 Bxc3+ 6. bxc3 Qc7 7. Nf3 Ne7 8. Bd3 b6 9. Bb5+ Bd7 10. Bd3 Nbc6 11. 0-0 Na5 12. Re1 Ba4 13. Ng5 c4 14. Bf1 h6 15. Nh3 0-0-0 16. Nf4 g5 17. Nh5 Rdg8 18. Rb1 Nac6 19. Rb2 Rg6 20. Be2 Kb7 21. Bg4 Rf8 22. Qf3 Qd8 23. Qh3 Ng8 24. f4 gxf4 25. Nxf4 Rg7 26. Rf1 Re8 27. Nh5 Rh7 28. Nf6 Nxf6 29. Rxf6 Reh8 30. Bh5 Qf8 31. Qf3 Nd8 32. Qe2 a5 33. Rb1 Rg8 34. g4 Nc6 35. h3 Ka6 36. Qf2 Nd8 37. Bb2 Rg5 38. Rf1 Qg7 39. Bxf7 Nxf7 40. Rxf7 Qxf7 41. Qxf7 Rxf7 42. Rxf7 Bxc2 43. Bc1 Rg6 44. Kf2 Kb5 45. Rb7 Be4 46. Kg3 h5 47. Kh4 hxg4 48. hxg4 Bf3 49. Bg5 Ka4 50. Rxb6 Kxa3 51. Kh5 Rg8 52. Rxe6 Kb3 53. Rf6 a4 54. Rxf3 a3 55. e6 a2 56. Rf1 Kxc3 57. e7 Kb2 58. Bc1+ Kc2 59. Bh6 Re8 60. Bf8 Kb2 61. Kg6 c3 62. Kf7 c2 63. Bh6 1-0

[Event "Schneider Memorial"]
[Site "Budapest"]
[Date "1994.??.??"]
[Round "1"]
[White "Patrat, Alexandre"]
[Black "Zemerov, Vladimir"]
[Result "0-1"]
[WhiteElo "2195"]
[BlackElo "2415"]
[PlyCount "112"]
[EventDate "1994.01.??"]
[EventType "swiss"]
[EventRounds "9"]
[EventCountry "HUN"]
[SourceTitle "EXT 1999"]
[Source "ChessBase"]
[SourceDate "1998.11.16"]
[SourceVersion "1"]
[SourceVersionDate "1998.11.16"]
[SourceQuality "1"]

1. e4 c5 2. Nf3 e6 3. Nc3 a6 4. d4 cxd4 5. Nxd4 Nc6 6. g3 d6 7. Bg2 Bd7 8. 0-0 Nf6 9. a4 Be7 10. Nce2 Rc8 11. b3 Nxd4 12. Nxd4 b5 13. axb5 axb5 14. Bd2 Qb6 15. Ba5 Qc5 16. c3 0-0 17. Bb4 Qb6 18. Ba5 Qb8 19. Bb4 Rfe8 20. Qe2 e5 21. Nc2 Be6 22. Rfb1 d5 23. Ra5 Bxb4 24. Rxb5 Qa7 25. Nxb4 Bd7 26. Rxd5 Rxc3 27. Rdd1 Qb7 28. Nd5 Nxd5 29. Rxd5 Bc6 30. Rd3 Bb5 31. Rbd1 Bxd3 32. Rxd3 Rxb3 33. Rxb3 Qxb3 34. Bf3 g6 35. Kg2 Rd8 36. Qa6 Qd3 37. Qf6 Qd6 38. Qg5 Kg7 39. Qc1 Qd4 40. h4 h6 41. Qb1 Rd6 42. h5 Rb6 43. Qe1 g5 44. Bg4 Rb2 45. Bf5 Qd2 46. Qf1 Qe2 47. Qxe2 Rxe2 48. Kf3 Rb2 49. Bd7 Kf6 50. Bc6 g4+ 51. Kxg4 Rxf2 52. Bd5 Ke7 53. Bb7 Kd6 54. Ba8 Kc5 55. Bb7 Kd4 56. Ba8 f5+ 0-1

[Event "HUN-chT2 9293"]
[Site "Hungary"]
[Date "1993.??.??"]
[Round "?"]
[White "Horvath, Jeno Kalman"]
[Black "Patrat, Alexandre"]
[Result "0-1"]
[WhiteElo "2205"]
[BlackElo "2185"]
[PlyCount "98"]
[EventDate "1992.??.??"]
[EventType "team"]
[EventRounds "12"]
[EventCountry "HUN"]
[SourceTitle "TD"]
[Source "ChessBase"]
[SourceDate "1994.03.01"]
[SourceVersion "1"]
[SourceVersionDate "1994.03.01"]
[SourceQuality "1"]

1. d4 Nf6 2. Nf3 g6 3. c3 Bg7 4. Bg5 Ne4 5. Bf4 c5 6. e3 cxd4 7. exd4 b6 8. Bd3 Bb7 9. Qe2 Nf6 10. 0-0 0-0 11. h3 d6 12. Na3 a6 13. Rfe1 Re8 14. Bc4 e6 15. Rad1 Nh5 16. Bc1 Nd7 17. Bb3 b5 18. Nc2 Nb6 19. Nb4 Qc7 20. Bc2 a5 21. Nd3 Nd5 22. Bb1 b4 23. cxb4 axb4 24. Bg5 h6 25. Be3 Qb6 26. Qd2 Kh7 27. Nc1 f5 28. Nh2 Rac8 29. Ne2 Rc7 30. Nf4 Nhxf4 31. Bxf4 e5 32. dxe5 dxe5 33. Be3 Qf6 34. Qe2 Nxe3 35. Qxe3 e4 36. b3 f4 37. Qd2 Rce7 38. Qd6 Qg5 39. Ng4 h5 40. Nh2 Be5 41. Qc5 Rc7 42. Qb5 Bc6 43. Qc5 f3 44. g3 Qf5 45. Kh1 Qxh3 46. Rg1 h4 47. Qe3 Kg7 48. Qg5 hxg3 49. fxg3 Qxh2+ 0-1

[Event "Paris-ch op"]
[Site "Paris"]
[Date "1992.??.??"]
[Round "5"]
[White "Patrat, Alexandre"]
[Black "Marcantoni, Herve"]
[Result "0-1"]
[WhiteElo "2245"]
[BlackElo "2295"]
[PlyCount "122"]
[EventDate "1992.04.??"]
[EventType "swiss"]
[EventRounds "9"]
[EventCountry "FRA"]
[SourceTitle "EXT 1997"]
[Source "ChessBase"]
[SourceDate "1996.11.15"]
[SourceVersion "1"]
[SourceVersionDate "1996.11.15"]
[SourceQuality "1"]

1. e4 c5 2. Nf3 d6 3. d4 cxd4 4. Qxd4 Nc6 5. Bb5 Bd7 6. Bxc6 Bxc6 7. Nc3 e6 8. Bg5 Nf6 9. 0-0-0 Be7 10. Rhe1 0-0 11. Kb1 Qc7 12. Qd2 Rfc8 13. Nd4 b5 14. f3 Qb7 15. g4 a5 16. Nce2 b4 17. Ng3 Ba4 18. Nh5 Nxh5 19. gxh5 Rc5 20. Rg1 Bxg5 21. Rxg5 Rxg5 22. Qxg5 h6 23. Qg3 Qe7 24. f4 Kh8 25. b3 Bd7 26. Rg1 Rg8 27. e5 dxe5 28. fxe5 Qc5 29. Qf4 a4 30. bxa4 Bxa4 31. Rg3 Rd8 32. Nb3 Bxb3 33. Rxb3 Rd4 34. Qe3 Qd5 35. Rd3 Rxd3 36. cxd3 b3 37. axb3 Qxb3+ 38. Kc1 Qc3+ 39. Kb1 Qb3+ 40. Kc1 Qc3+ 41. Kb1 Qb4+ 42. Kc1 Qg4 43. Kc2 Qxh5 44. Qf4 Kh7 45. Kc3 g5 46. Qf2 Qg6 47. Kd2 h5 48. Ke2 Kg7 49. Ke3 f6 50. exf6+ Qxf6 51. Qg3 e5 52. Ke2 Qf4 53. Qh3 Qf7 54. Qg3 Qf6 55. Qg2 Kh6 56. Qe4 g4 57. Qe3+ Qf4 58. Qb6+ Kg5 59. Qd8+ Qf6 60. Qd5 Kh4 61. Qg2 Qf4 0-1

[Event "Cappelle op 07th"]
[Site "Cappelle la Grande"]
[Date "1991.??.??"]
[Round "?"]
[White "Harlin, Henri"]
[Black "Patrat, Alexandre"]
[Result "1-0"]
[WhiteElo "2260"]
[BlackElo "2275"]
[PlyCount "131"]
[EventDate "1991.02.??"]
[EventType "swiss"]
[EventRounds "9"]
[EventCountry "FRA"]
[SourceTitle "EXT 1998"]
[Source "ChessBase"]
[SourceDate "1997.11.17"]
[SourceVersion "1"]
[SourceVersionDate "1997.11.17"]
[SourceQuality "1"]

1. e4 e5 2. Nf3 Nc6 3. Bb5 a6 4. Ba4 Nf6 5. 0-0 Be7 6. Re1 b5 7. Bb3 0-0 8. d4 d6 9. c3 Bg4 10. Be3 Na5 11. dxe5 Bxf3 12. Qxf3 dxe5 13. Bc2 Nc4 14. Bc1 Qd7 15. b3 Nb6 16. Nd2 Rfd8 17. Nf1 Qg4 18. Qxg4 Nxg4 19. Ne3 Nh6 20. Bb2 f6 21. Rad1 c6 22. g3 Nf7 23. Kg2 Bc5 24. Bc1 g6 25. Rxd8+ Rxd8 26. Rd1 Rxd1 27. Bxd1 Ng5 28. f3 Ne6 29. Nc2 Nd7 30. Nb4 Nb8 31. f4 exf4 32. gxf4 Bd6 33. Nd3 Nd7 34. Bg4 Kf7 35. h3 Ke7 36. Be2 Nec5 37. Kf3 Nxd3 38. Bxd3 Nc5 39. Be2 Nd7 40. Bd2 Ke6 41. c4 Bc5 42. cxb5 cxb5 43. a4 bxa4 44. bxa4 Nb8 45. Bc4+ Ke7 46. Bc3 Bb6 47. e5 fxe5 48. fxe5 a5 49. Ke4 Nc6 50. Bd2 Bc7 51. Bg5+ Kf8 52. e6 Bd8 53. Be3 Ke7 54. Kd5 Nb4+ 55. Kc5 Kf6 56. Kd6 Nc2 57. Bf2 Be7+ 58. Kd7 Bf8 59. Bb3 Nb4 60. Bd4+ Kg5 61. Bb6 Kh4 62. e7 Bxe7 63. Kxe7 Kxh3 64. Kf6 Nc6 65. Bd5 Nb4 66. Be6+ 1-0

[Event "Utasellato NK"]
[Site "Budapest"]
[Date "1991.??.??"]
[Round "6"]
[White "Patrat, Alexandre"]
[Black "Csonkics, Tunde"]
[Result "0-1"]
[WhiteElo "2275"]
[BlackElo "2320"]
[PlyCount "86"]
[EventDate "1991.??.??"]
[EventType "tourn"]
[EventRounds "11"]
[EventCountry "HUN"]
[EventCategory "3"]
[SourceTitle "EXT 1999"]
[Source "ChessBase"]
[SourceDate "1998.11.16"]
[SourceVersion "1"]
[SourceVersionDate "1998.11.16"]
[SourceQuality "1"]

1. e4 c5 2. Nf3 d6 3. d4 cxd4 4. Qxd4 Nc6 5. Bb5 Bd7 6. Bxc6 Bxc6 7. Nc3 Nf6 8. Bg5 e6 9. 0-0-0 Be7 10. Rhe1 0-0 11. Kb1 Qc7 12. Qd2 Rfc8 13. Nd4 b5 14. f3 Rab8 15. g4 b4 16. Nce2 a5 17. Ng3 a4 18. Nh5 Ne8 19. h4 Bf8 20. Be3 b3 21. cxb3 axb3 22. a3 d5 23. Rc1 Qd7 24. Nxc6 Rxc6 25. exd5 Rc2 26. dxe6 Qxe6 27. Nf4 Qa6 28. Rxc2 bxc2+ 29. Qxc2 Bxa3 30. Bd4 Bb4 31. Bc3 Bxc3 32. Qxc3 Ra8 33. Nd5 Qa2+ 34. Kc2 Qxd5 35. Rd1 Qb7 36. Kb1 Qa6 37. Rd4 h6 38. Rc4 Nd6 39. Rc6 Qf1+ 40. Kc2 Qe2+ 41. Qd2 Qxd2+ 42. Kxd2 Rd8 43. Ke3 Kf8 0-1

[Event "Utasellato NK"]
[Site "Budapest"]
[Date "1991.??.??"]
[Round "8"]
[White "Patrat, Alexandre"]
[Black "Szalanczy, Emil"]
[Result "0-1"]
[WhiteElo "2275"]
[BlackElo "2420"]
[PlyCount "40"]
[EventDate "1991.??.??"]
[EventType "tourn"]
[EventRounds "11"]
[EventCountry "HUN"]
[EventCategory "3"]
[SourceTitle "EXT 1999"]
[Source "ChessBase"]
[SourceDate "1998.11.16"]
[SourceVersion "1"]
[SourceVersionDate "1998.11.16"]
[SourceQuality "1"]

1. e4 c5 2. Nf3 d6 3. d4 cxd4 4. Qxd4 Nc6 5. Bb5 Bd7 6. Bxc6 Bxc6 7. Nc3 Nf6 8. Bg5 e6 9. 0-0-0 Be7 10. Rhe1 0-0 11. Kb1 Qc7 12. Qd2 Rfc8 13. Nd4 b5 14. f3 b4 15. Nce2 Rab8 16. g4 Rb6 17. h4 Ra6 18. Nc1 Qa5 19. Ndb3 Qa4 20. Bf4 e5 0-1

[Event "Paris-ch op"]
[Site "Paris"]
[Date "1990.??.??"]
[Round "?"]
[White "Delanoy, Arnaud"]
[Black "Patrat, Alexandre"]
[Result "1/2-1/2"]
[WhiteElo "2315"]
[BlackElo "2210"]
[PlyCount "63"]
[EventDate "1990.05.??"]
[EventType "swiss"]
[EventRounds "9"]
[EventCountry "FRA"]
[SourceTitle "EXT 1997"]
[Source "ChessBase"]
[SourceDate "1996.11.15"]
[SourceVersion "1"]
[SourceVersionDate "1996.11.15"]
[SourceQuality "1"]

1. e4 e5 2. f4 d5 3. exd5 exf4 4. Nf3 Nf6 5. Nc3 Nxd5 6. Nxd5 Qxd5 7. d4 Bd6 8. c4 Qe4+ 9. Kf2 Bf5 10. c5 Be7 11. Bb5+ Nc6 12. Re1 Qd5 13. Bxf4 Be6 14. Qa4 0-0 15. Bxc6 bxc6 16. Bxc7 Bf6 17. Be5 Be7 18. Bg3 Rfd8 19. Qa3 Bf6 20. Be5 Be7 21. Qe3 Bg4 22. Qe4 Qd7 23. Rad1 Re8 24. Qd3 Rad8 25. Qc3 Qd5 26. Bg3 Bf6 27. Rxe8+ Rxe8 28. Re1 Rd8 29. Be5 Qxa2 30. Bc7 Rc8 31. Ne5 Be6 32. Bd6 1/2-1/2

[Event "Paris-ch op"]
[Site "Paris"]
[Date "1990.??.??"]
[Round "?"]
[White "Prie, Eric"]
[Black "Patrat, Alexandre"]
[Result "1-0"]
[WhiteElo "2435"]
[BlackElo "2210"]
[PlyCount "81"]
[EventDate "1990.05.??"]
[EventType "swiss"]
[EventRounds "9"]
[EventCountry "FRA"]
[SourceTitle "EXT 1997"]
[Source "ChessBase"]
[SourceDate "1996.11.15"]
[SourceVersion "1"]
[SourceVersionDate "1996.11.15"]
[SourceQuality "1"]

1. e4 d5 2. exd5 Nf6 3. d4 Bg4 4. f3 Bf5 5. Bb5+ Nbd7 6. Nc3 a6 7. Ba4 b5 8. Bb3 Nb6 9. Nge2 g6 10. Nf4 Bg7 11. g4 b4 12. Na4 Nxa4 13. Bxa4+ Bd7 14. Bb3 Bc8 15. Bd2 Qd6 16. Qe2 0-0 17. g5 Nd7 18. Qc4 a5 19. Qc6 Qxc6 20. dxc6 Nb6 21. c3 a4 22. Bc2 Nc4 23. Nd5 Bh3 24. Nxb4 Bg2 25. Rg1 Bxf3 26. Rg3 Bh5 27. b3 Na3 28. Bd1 Bxd1 29. Rxd1 e5 30. d5 Nb5 31. c4 Nd4 32. Bc3 Nf5 33. Rh3 axb3 34. axb3 Rfb8 35. Rb1 Rb6 36. Nc2 h6 37. Ne3 hxg5 38. c5 Rb5 39. b4 Ra3 40. Nxf5 gxf5 41. d6 1-0

[Event "Paris op-1"]
[Site "Paris"]
[Date "1989.??.??"]
[Round "?"]
[White "Chabanon, Jean Luc"]
[Black "Patrat, Alexandre"]
[Result "1/2-1/2"]
[WhiteElo "2245"]
[BlackElo "2050"]
[PlyCount "90"]
[EventDate "1989.??.??"]
[EventType "swiss"]
[EventRounds "9"]
[EventCountry "FRA"]
[SourceTitle "TD"]
[Source "ChessBase"]
[SourceDate "1994.03.01"]
[SourceVersion "1"]
[SourceVersionDate "1994.03.01"]
[SourceQuality "1"]

1. c4 e5 2. Nc3 Bb4 3. Qc2 Nf6 4. a3 Bxc3 5. Qxc3 Qe7 6. b4 d5 7. Bb2 d4 8. Qc2 a5 9. bxa5 c5 10. e4 Rxa5 11. g3 Bd7 12. d3 Ba4 13. Qd2 Ra6 14. Nf3 Nc6 15. Nh4 Na5 16. Nf5 Qf8 17. Qg5 Rg8 18. Be2 h6 19. Qh4 Nb3 20. f4 Nxa1 21. Bxa1 g6 22. fxe5 gxf5 23. exf6 Qd6 24. 0-0 Qxf6 25. Qf4 Qd6 26. Qxf5 Rxg3+ 27. Kh1 Rg7 28. Qc8+ Ke7 29. Bh5 Be8 30. Bb2 Rb6 31. Bc1 Rb1 32. Qh3 Rxc1 33. Rxc1 Bd7 34. Qh4+ Rg5 35. Rf1 Be6 36. Bf3 Bd7 37. e5 Qb6 38. Bd5 Be6 39. Qe4 Rg4 40. Rxf7+ Kxf7 41. Qxg4 Qb1+ 42. Qg1 Bxd5+ 43. cxd5 Qxd3 44. Qf2+ Ke8 45. e6 Qd1+ 1/2-1/2

[Event "Paris op-1"]
[Site "Paris"]
[Date "1989.??.??"]
[Round "?"]
[White "Patrat, Alexandre"]
[Black "Gochev, Mladen"]
[Result "1-0"]
[WhiteElo "2050"]
[BlackElo "2360"]
[PlyCount "87"]
[EventDate "1989.??.??"]
[EventType "swiss"]
[EventRounds "9"]
[EventCountry "FRA"]
[SourceTitle "TD"]
[Source "ChessBase"]
[SourceDate "1994.03.01"]
[SourceVersion "1"]
[SourceVersionDate "1994.03.01"]
[SourceQuality "1"]

1. g3 g6 2. Bg2 Bg7 3. c4 Nf6 4. Nc3 0-0 5. e3 d6 6. d4 Nc6 7. Nge2 Rb8 8. 0-0 a6 9. Bd2 Bd7 10. Rb1 Na5 11. b3 b6 12. Nd5 c6 13. Nxf6+ Bxf6 14. Qc2 c5 15. Bc3 Nc6 16. Rbd1 cxd4 17. Nxd4 Nxd4 18. Bxd4 Bxd4 19. exd4 b5 20. c5 Rc8 21. b4 Bg4 22. Rd2 Qc7 23. Re1 Bf5 24. Qd1 dxc5 25. bxc5 Rcd8 26. Qe2 Rfe8 27. a4 bxa4 28. Qxa6 e5 29. Qxa4 Re7 30. c6 Qd6 31. d5 Rc7 32. g4 Bc8 33. Rde2 f6 34. g5 Rf8 35. gxf6 Qxf6 36. Qb4 Ba6 37. Ra2 Bd3 38. d6 Rcf7 39. d7 e4 40. Qc5 Qe6 41. Rd2 Rf5 42. Qd4 Rd5 43. Rxd3 Rxd4 44. Rxd4 1-0